Co není zakázano, je dovoleno. Rozhovor s prezidentem Federální agentury pro zahraniční investice dr. Zdeňkem Drábkem.

Nedostatky v politických a legislatívnych podmienkach prijímania zahraničných investícií. Určenie správnej miery zásahov štátu do zahraničných investícií. Možnosti zvýhodnenia zahraničných investícií oproti domácim. Význam Federálnej agentúry pre zahraničné investície.

Gespeichert in:
Bibliographische Detailangaben
1. Verfasser: Drábek, Z.
Weitere Verfasser: Oswald, E.
Format: Buchkapitel
Sprache:Tschechisch
Schlagworte:
Tags: Tag hinzufügen
Keine Tags, Fügen Sie das erste Tag hinzu!

MARC

LEADER 00000naa a2200000 4500
001 r001904
005 20221125075950.7
041 0 |a cze 
044 |a [CS] 
245 1 0 |a Co není zakázano, je dovoleno.  |b Rozhovor s prezidentem Federální agentury pro zahraniční investice dr. Zdeňkem Drábkem.  |c Z. Drábek, E. Oswald 
520 |a Nedostatky v politických a legislatívnych podmienkach prijímania zahraničných investícií. Určenie správnej miery zásahov štátu do zahraničných investícií. Možnosti zvýhodnenia zahraničných investícií oproti domácim. Význam Federálnej agentúry pre zahraničné investície. 
610 2 0 |a investície zahraničné 
610 2 0 |a intervencionizmus štátny 
610 2 0 |a legislatíva 
610 2 0 |a hospodárstvo trhové 
610 2 0 |a ČSFR 
100 1 |a Drábek, Z. 
700 1 |a Oswald, E.